000
00289nam a22001337a 4500
008
180316b xxu||||| |||| 00| 0 eng d
020
_a
2901413033402
041
_a
eng
080
_a
821
100
_a
21
101
_a
GJL
245
_a
Theory Into Pratice
_c
Dobie, A.B
942
_2
udc
_c
BK
999
_c
45231
_d
45231